000 00387nam a2200169Ia 4500
005 20250425160825.0
008 250425s9999 xx 000 0 und d
041 _aeng
082 _a639.372
100 _aROSENBERRY, BOB
245 0 _aAQUACULTURE DIGEST
250 _aS.E.
260 _aEstados Unidos
_bROSE
_c1985
260 _aMISSISSIPPI CITY
942 _c01
010 _a6169
999 _c196895
_d196895